| 000 | 00830nam a22002657a 4500 | ||
|---|---|---|---|
| 003 | BD-DhJNU | ||
| 005 | 20251210074350.0 | ||
| 008 | 251210b |||||||| |||| 00| 0 eng d | ||
| 020 | _a9780197645598 | ||
| 020 | _a9780197645604 | ||
| 020 | _a9780197645628 | ||
| 040 |
_aBD-DhJNU _bENG _cBD-DhJNU _dBD-DhJNU |
||
| 082 |
_223 _a371.04 LAL |
||
| 100 | _aLancy, David F. | ||
| 245 |
_aLearning without lessons : _bpedagogy in indigenous communities / _cDavid F. Lancy |
||
| 260 |
_aNew York : _bOxford University Press, _c2024. |
||
| 300 |
_axiv, 280p. : _bill. ; _c24 cm. |
||
| 490 | _aChild development in cultural context | ||
| 504 | _aIncludes bibliographical references and index | ||
| 650 | _aChild Care | ||
| 650 | _aChild development | ||
| 650 | _aDevelopmental | ||
| 650 | _aAnthropology | ||
| 942 |
_2ddc _cBK _n0 |
||
| 999 |
_c2413 _d2413 |
||